[Event "Internet Section 15 A"]
[Site "Dos Hermanas"]
[Date "2003.03.15"]
[Round "4"]
[White "V-Milov"]
[Black "plimsol"]
[Result "1-0"]
[WhiteElo "2840"]
[BlackElo "2589"]
[PlyCount "61"]
[EventDate "2003.03.15"]
[EventType "swiss (blitz)"]
[EventRounds "9"]
[EventCountry "ESP"]
[Source "Fruth,M"]
[SourceDate "2003.05.15"]

1. d4 Nf6 2. c4 e6 3. Nc3 d5 4. cxd5 exd5 5. Bg5 c6 6. e3 Nbd7 7. Bd3 Bd6 8. f4
Be7 9. Nf3 Ng4 10. Qd2 h6 11. Bxe7 Qxe7 12. Ne5 Ndxe5 13. dxe5 f6 14. h3 fxe5
15. hxg4 exf4 16. O-O-O fxe3 17. Bg6+ Kd8 18. Qe2 Qg5 19. Bf5 Kc7 20. Rh5 Qf4
21. Bxc8 Kxc8 22. Rf5 Qg3 23. Rf3 Qd6 24. Qxe3 Rd8 25. Rf7 d4 26. Qf3 Qc5 27.
Qf4 Qd6 28. Qf5+ Kb8 29. Ne4 Qd5 30. Qf4+ Kc8 31. Qc7# 1-0

[Event "RUS-ch qual 57th"]
[Site "Tomsk"]
[Date "2004.05.28"]
[Round "6"]
[White "Shariyazdanov, Andrey"]
[Black "Kosyrev, Vladimir"]
[Result "1/2-1/2"]
[WhiteElo "2575"]
[BlackElo "2529"]
[PlyCount "26"]
[EventDate "2004.05.23"]
[EventType "swiss"]
[EventRounds "9"]
[EventCountry "RUS"]
[Source "ChessBase"]
[SourceDate "2004.09.23"]

1. d4 e6 2. c4 Nf6 3. Nc3 d5 4. cxd5 exd5 5. Bg5 Be7 6. e3 O-O 7. Bd3 Re8 8.
Qc2 h6 9. Bxf6 Bxf6 10. Nge2 c6 11. O-O Be7 12. Bf5 Nd7 13. Rab1 Nb6 1/2-1/2

[Event "RUS-chT 13th"]
[Site "Sochi"]
[Date "2006.04.23"]
[Round "4"]
[White "Eljanov, Pavel"]
[Black "Movsesian, Sergei"]
[Result "1/2-1/2"]
[WhiteElo "2665"]
[BlackElo "2618"]
[PlyCount "105"]
[EventDate "2006.04.20"]
[EventType "team"]
[EventRounds "11"]
[EventCountry "RUS"]
[Source "ChessBase"]
[SourceDate "2006.05.09"]

1. d4 Nf6 2. c4 e6 3. Nc3 d5 4. cxd5 exd5 5. Bg5 Bb4 6. e3 h6 7. Bh4 g5 8. Bg3
Ne4 9. Qa4+ Nc6 10. Bb5 Bd7 11. Nge2 a6 12. Bxc6 Bxc3+ 13. Nxc3 Bxc6 14. Qc2
Qe7 15. Nxe4 dxe4 16. h4 O-O-O 17. O-O-O g4 18. Kb1 Rd5 19. Rc1 Rhd8 20. Qe2
Qe6 21. Rc3 R8d7 22. Rhc1 Rd8 23. Qe1 Rb5 24. Ka1 Rdd5 25. R1c2 Kd7 26. Rc4 a5
27. Qc3 h5 28. Kb1 Rf5 29. b3 Rbd5 30. Kc1 Kd8 31. Kd2 Qd7 32. Ke1 Rf6 33. a4
Ke8 34. Kf1 Kf8 35. Rc5 Rff5 36. Rxc6 bxc6 37. Qxc6 Qxc6 38. Rxc6 Ke7 39. Ke2
Rf6 40. Rxc7+ Kd8 41. Ra7 Rc6 42. Rxf7 Rc2+ 43. Kd1 Rb2 44. Rb7 Rf5 45. Kc1 Ra2
46. Rb6 Kd7 47. Rd6+ Ke7 48. Rc6 Kd7 49. Rc7+ Ke6 50. Rc6+ Kd7 51. Rc2 Rxc2+
52. Kxc2 Kc6 53. Kc3 1/2-1/2

[Event "EU-Cup 22nd"]
[Site "Feugen"]
[Date "2006.10.12"]
[Round "5"]
[White "Kveinys, Aloyzas"]
[Black "Dervishi, Erald"]
[Result "1-0"]
[WhiteElo "2540"]
[BlackElo "2545"]
[PlyCount "103"]
[EventDate "2006.10.08"]
[EventType "team"]
[EventRounds "7"]
[EventCountry "AUT"]
[Source "ChessBase"]
[SourceDate "2006.11.01"]

1. d4 Nf6 2. c4 e6 3. Nc3 d5 4. cxd5 exd5 5. Bg5 Be7 6. e3 O-O 7. Bd3 Nbd7 8.
Nf3 Re8 9. Qc2 Nf8 10. h3 c6 11. Bf4 Be6 12. O-O Bd6 13. Bxd6 Qxd6 14. Rab1 Ng6
15. Rfc1 Re7 16. b4 Rc8 17. Qd1 a6 18. a4 Nd7 19. Ng5 Ngf8 20. e4 dxe4 21.
Ngxe4 Qf4 22. b5 axb5 23. axb5 Rd8 24. bxc6 bxc6 25. Ne2 Qc7 26. Qc2 Nb8 27.
Nc5 Qc8 28. Rb4 Rd6 29. Nf4 Ra7 30. Rcb1 Ra8 31. Ne4 Rd7 32. Ng5 h6 33. d5 hxg5
34. dxe6 fxe6 35. Ng6 c5 36. Rb6 Nc6 37. Nxf8 Kxf8 38. Be4 Nb4 39. Qc3 Ra6 40.
Rxa6 Qxa6 41. Qe3 Qc4 42. Qxg5 Qd4 43. Bg6 Rd5 44. Qg3 Qf6 45. Rb3 Qa1+ 46. Kh2
Qe5 47. Rf3+ Ke7 48. Rf7+ Kd6 49. f4 Qd4 50. Qh4 Nc6 51. Qh8 Rf5 52. Qf8+ 1-0

[Event "Russia Cup Final"]
[Site "Serpuhov RUS"]
[Date "2008.11.14"]
[Round "5.4"]
[White "Bocharov, D."]
[Black "Savchenko, B."]
[Result "1/2-1/2"]
[WhiteElo "2597"]
[BlackElo "2648"]
[PlyCount "91"]
[EventDate "2008.11.05"]
[SourceDate "1999.07.01"]

1. d4 Nf6 2. c4 e6 3. Nc3 d5 4. cxd5 exd5 5. Bg5 c6 6. e3 g6 7. Bd3 Bg7 8. h3
O-O 9. Nf3 h6 10. Bf4 Qe7 11. O-O Nbd7 12. Nd2 Nh5 13. Bh2 f5 14. Rb1 Nhf6 15.
b4 b5 16. Qc2 Nb6 17. Be5 Ne4 18. f4 Nxd2 19. Qxd2 Nc4 20. Bxc4 dxc4 21. e4
fxe4 22. Nxe4 Bf5 23. Rbe1 Bxe4 24. Rxe4 Bxe5 25. dxe5 Rad8 26. Rd4 a5 27. Rd6
Rxd6 28. exd6 Qa7+ 29. Kh1 axb4 30. f5 c3 31. Qxh6 Qg7 32. Qe3 Qd7 33. Qg3 Qg7
34. d7 gxf5 35. Qd6 Rd8 36. Qxc6 Qxd7 37. Qg6+ Kh8 38. Qf6+ Kh7 39. Qh4+ Kg6
40. Rf3 Qd1+ 41. Kh2 Qxf3 42. gxf3 Rd2+ 43. Kg3 c2 44. Qe7 c1=Q 45. Qe6+ Kg7
46. Qe7+ 1/2-1/2

[Event "38th Olympiad"]
[Site "Dresden GER"]
[Date "2008.11.23"]
[Round "10"]
[White "Blagojevic, Dr"]
[Black "Stanojoski, Z."]
[Result "1-0"]
[WhiteElo "2522"]
[BlackElo "2502"]
[PlyCount "169"]
[EventDate "2008.11.13"]
[SourceDate "1999.07.01"]

1. d4 Nf6 2. c4 e6 3. Nc3 d5 4. cxd5 exd5 5. Bg5 Be7 6. e3 O-O 7. Bd3 Nbd7 8.
Nf3 Re8 9. O-O Nf8 10. Qc2 g6 11. b4 Ne6 12. Bxf6 Bxf6 13. b5 Nf8 14. Rfc1 Bg4
15. Nd2 Re7 16. Qb3 Be6 17. Na4 b6 18. Nb2 a6 19. a4 axb5 20. axb5 Qb8 21. Be2
Qb7 22. Rxa8 Qxa8 23. Nd3 Rd7 24. Nf3 Qb7 25. Nfe5 Bxe5 26. Nxe5 Rd6 27. Bf3
Nd7 28. Nd3 Nb8 29. Nb4 c6 30. Qa4 cxb5 31. Qxb5 Kg7 32. h3 Nd7 33. Qa6 Qxa6
34. Nxa6 Nf6 35. Kf1 Bd7 36. Nb4 h5 37. h4 Bb5+ 38. Be2 Bd7 39. f3 Ne8 40. Kf2
Nf6 41. Bd1 Be6 42. Ba4 Kf8 43. Rc7 Bd7 44. Bxd7 Nxd7 45. Nc6 Kg7 46. Ke2 Kf6
47. e4 dxe4 48. fxe4 Kg7 49. Ke3 Nf8 50. Ne5 Rf6 51. d5 Rf1 52. g3 b5 53. Rb7
Re1+ 54. Kd3 Rg1 55. Rxf7+ Kg8 56. Rf3 b4 57. Kd4 Rb1 58. Rf6 b3 59. Rb6 b2 60.
Nd3 Rg1 61. Rxb2 Rxg3 62. Nc5 g5 63. hxg5 h4 64. d6 Rg1 65. Rd2 h3 66. d7 h2
67. Rxh2 Nxd7 68. Nxd7 Rd1+ 69. Ke5 Rxd7 70. Rf2 Rd8 71. Rf6 Kg7 72. Kf5 Rd1
73. e5 Rf1+ 74. Ke6 Ra1 75. Kf5 Rf1+ 76. Ke4 Re1+ 77. Kd5 Rd1+ 78. Kc6 Re1 79.
e6 Rc1+ 80. Kd7 Rd1+ 81. Ke8 Ra1 82. Rf7+ Kg6 83. Rd7 Ra8+ 84. Rd8 Ra6 85. e7
1-0

[Event "8th Amplico AIG Life Rapid"]
[Site "Warsaw POL"]
[Date "2008.12.21"]
[Round "12"]
[White "Vitiugov, N."]
[Black "Jussupow, Ar"]
[Result "1-0"]
[WhiteElo "2638"]
[BlackElo "2570"]
[PlyCount "67"]
[EventDate "2008.12.20"]
[SourceDate "1999.07.01"]

1. d4 Nf6 2. c4 e6 3. Nc3 d5 4. cxd5 exd5 5. Bg5 Be7 6. e3 Nbd7 7. Bd3 O-O 8.
Nge2 Re8 9. Qc2 Nf8 10. h3 a6 11. g4 Be6 12. O-O-O Rc8 13. Kb1 c5 14. dxc5 Rxc5
15. Nd4 Ne4 16. Bxe7 Qxe7 17. Bxe4 dxe4 18. Nxe6 Qxe6 19. Rd4 Re5 20. Rhd1 Qh6
21. Nxe4 Qxh3 22. Nd6 R8e7 23. Rf4 Rd7 24. Qb3 Qh6 25. Rxf7 Qg6+ 26. Rf5+ Re6
27. Rd4 h5 28. gxh5 Qg1+ 29. Rd1 Qg4 30. f3 Qh3 31. e4 Rd8 32. a3 Kh7 33. Nf7
Rb6 34. Ng5+ 1-0

[Event "Open A"]
[Site "Gjovik NOR"]
[Date "2009.01.04"]
[Round "6"]
[White "Kveinys, A."]
[Black "Savchenko, B."]
[Result "1-0"]
[WhiteElo "2533"]
[BlackElo "2648"]
[PlyCount "127"]
[EventDate "2008.12.29"]
[SourceDate "1999.07.01"]

1. d4 Nf6 2. c4 e6 3. Nc3 d5 4. cxd5 exd5 5. Bg5 c6 6. e3 h6 7. Bh4 Bf5 8. Qf3
Bg6 9. Bxf6 gxf6 10. Qd1 Nd7 11. Bd3 Rg8 12. Nge2 Bd6 13. Ng3 Qe7 14. Qc2 h5
15. Kf1 Qe6 16. Nf5 Bc7 17. h4 O-O-O 18. Rh3 Kb8 19. Na4 b5 20. Nc3 Kb7 21. Rc1
Rc8 22. Rf3 a6 23. e4 Nb6 24. exd5 cxd5 25. Re3 Qd7 26. Re7 Qc6 27. Qd1 Nc4 28.
Nxd5 Qxd5 29. Be4 Qxe4 30. Rxe4 Bxf5 31. Re7 Kb8 32. b3 Bg4 33. Qe1 Ba5 34. b4
Bc7 35. g3 f5 36. Kg2 f4 37. Qe4 fxg3 38. f3 Be6 39. d5 Rcd8 40. Rxc7 Kxc7 41.
dxe6 fxe6 42. Re1 e5 43. a4 Rd7 44. axb5 axb5 45. Ra1 Kb6 46. Ra2 Rdg7 47. Qe1
Rd8 48. Qa1 Rb7 49. Ra6+ Kc7 50. Kxg3 Rd3 51. Re6 Ra3 52. Qc1 Kb8 53. Qh6 Ka7
54. Qf8 Rc7 55. Re7 Rb7 56. Rxb7+ Kxb7 57. Qf7+ Kc6 58. Qxh5 Rb3 59. Qe8+ Kb6
60. Qb8+ Ka6 61. Qc8+ Kb6 62. Qc5+ Ka6 63. h5 e4 64. Qc6+ 1-0

[Event "TCh-CZE Extraliga 2012-13"]
[Site "Czech Republic CZE"]
[Date "2012.11.04"]
[Round "2.2"]
[White "Michalik, P."]
[Black "Cyborowski, L."]
[Result "1/2-1/2"]
[WhiteElo "2508"]
[BlackElo "2526"]
[PlyCount "40"]
[EventDate "2012.11.03"]
[SourceDate "1999.07.01"]
[WhiteTeam "TZ Trinec"]
[BlackTeam "SK Zikuda Turnov"]

1. d4 Nf6 2. c4 e6 3. Nc3 d5 4. cxd5 exd5 5. Bg5 Be7 6. e3 Nbd7 7. Bd3 Nb6 8.
Nge2 Nh5 9. Bxe7 Qxe7 10. Qc2 g6 11. O-O O-O 12. Na4 Ng7 13. Nc5 c6 14. b4 Bf5
15. Nc3 a6 16. a4 Bxd3 17. Qxd3 Nf5 18. b5 axb5 19. axb5 Nc4 20. Rfb1 Nfd6
1/2-1/2

[Event "PAB Romania Open 2012"]
[Site "Arad ROU"]
[Date "2012.07.27"]
[Round "8.1"]
[White "Szabo, G ROM."]
[Black "Balog, I1."]
[Result "1/2-1/2"]
[WhiteElo "2533"]
[BlackElo "2542"]
[PlyCount "94"]
[EventDate "2012.07.27"]
[SourceDate "1999.07.01"]

1. c4 e6 2. d4 Nf6 3. Nc3 d5 4. cxd5 exd5 5. Bg5 c6 6. Qc2 Na6 7. Rc1 h6 8. Bh4
Nb4 9. Qb1 g6 10. a3 Bf5 11. e4 dxe4 12. axb4 g5 13. Bg3 Bxb4 14. Be5 O-O 15.
Bc4 Bh7 16. Qa2 b5 17. Bb3 Ng4 18. Nge2 e3 19. f4 Nxe5 20. fxe5 c5 21. O-O cxd4
22. Bxf7+ Kh8 23. e6 dxc3 24. bxc3 Bd6 25. c4 Be5 26. Rcd1 Qb6 27. cxb5 Bg8 28.
e7 Rfe8 29. Bxg8 Rxg8 30. Qd5 Bg7 31. Rf7 Rab8 32. h3 Qxb5 33. Qxb5 Rxb5 34.
Rd8 Rb8 35. Rd3 Rge8 36. Rxe3 Kg8 37. Rxg7+ Kxg7 38. Nd4 Rb6 39. Nf5+ Kg6 40.
g4 a5 41. Rd3 Kf6 42. Rd8 Rb8 43. Rd6+ Ke5 44. Rd7 Kf6 45. Rd6+ Kf7 46. Rxh6 a4
47. Nd6+ Kxe7 1/2-1/2